Cost control : (Record no. 132110)

MARC details
000 -LEADER
fixed length control field 00706nam a22002297a 4500
005 - DATE AND TIME OF LATEST TRANSACTION
control field 20170124110148.0
010 ## - LIBRARY OF CONGRESS CONTROL NUMBER
LC control number B-062986
020 ## - INTERNATIONAL STANDARD BOOK NUMBER
Terms of availability 00.00
International Standard Book Number 8124202486
035 ## - SYSTEM CONTROL NUMBER
System control number B-062986
037 ## - SOURCE OF ACQUISITION
Source of stock number/acquisition Cen Lib/Ret
040 ## - CATALOGING SOURCE
Original cataloging agency DPL
Language of cataloging EN
082 ## - DEWEY DECIMAL CLASSIFICATION NUMBER
Classification number 658.1553
Item number DOY
100 ## - MAIN ENTRY--PERSONAL NAME
Personal name Doyle, David
9 (RLIN) 33735
245 ## - TITLE STATEMENT
Title Cost control :
Statement of responsibility, etc by David Doyle
Remainder of title strategic guide /
260 ## - PUBLICATION, DISTRIBUTION, ETC. (IMPRINT)
Place of publication, distribution, etc New Delhi
Name of publisher, distributor, etc Kogan Page
Date of publication, distribution, etc 2001
270 ## - ADDRESS
Address 4325/3 Ansari Road, Darya Ganj
City New Delhi
300 ## - PHYSICAL DESCRIPTION
Extent 171p.
Dimensions 23cm(Hb)
500 ## - GENERAL NOTE
General note Includes bibliographical references and index
650 ## - SUBJECT ADDED ENTRY--TOPICAL TERM
Topical term or geographic name as entry element Value analysis (Cost control)
9 (RLIN) 33736
650 ## - SUBJECT ADDED ENTRY--TOPICAL TERM
Topical term or geographic name as entry element Cost control
9 (RLIN) 101730
942 ## - ADDED ENTRY ELEMENTS (KOHA)
Source of classification or shelving scheme Dewey Decimal Classification
Koha item type English Books
Classification part 658.1553
Call number suffix DOY
Holdings
Withdrawn status Lost status Damaged status Not for loan Home library Current library Date acquired Source of acquisition Cost, normal purchase price Total Checkouts Total Renewals Full call number Barcode Date last seen Date checked out Copy number Cost, replacement price Price effective from Koha item type
        Central Library Central Library 21/07/2015 Cen Lib/Ret 0.00 1 2 658.1553 DOY B-062986 22/08/2023 11/07/2023 1 0.00 15/09/2016 English Books

© Delhi Public Library
Hit Counter
free hit counter